Statistiques concernant Les plus gros transferts du football - Footballeurs croates

Cliquez ici pour prendre le quiz!

Statistiques générales

  • Ce quiz a été pris 84 fois
  • Le résultat moyen est 7 sur 10

Statistiques - réponses

Montant de transfert (M €)SaisonVenant deAllant àJoueur% Correct
35,002012-2013TottenhamReal MadridLuka Modric
99%
90,002023-2024RB LeipzigManchester CityJosko Gvardiol
98%
36,802021-2022Dinamo ZagrebRB LeipzigJosko Gvardiol
98%
45,002019-2020Real MadridChelseaMateo Kovacic
91%
38,002015-2016InterReal MadridMateo Kovacic
91%
29,102023-2024ChelseaManchester CityMateo Kovacic
91%
25,302014-2015SouthamptonLiverpoolDejan Lovren
56%
25,002023-2024Stade RennaisVfL WolfsburgLovro Majer
52%
30,002021-2022CSKA MoscouWest Ham UnitedNikola Vlašić
19%
29,402016-2017Dinamo ZagrebJuventus TurinMarko Pjaca
17%

Distribution des résultats

Percentile par nombre de réponses

% des personnes avec chaque résultat

Votre développement - résultats

Vous n’avez pas pris ce quiz